Dalit devo bhav: Bhartiya vadmay main dalito ki gaurav gaatha (Hindi) (Record no. 406269)

000 -LEADER
fixed length control field 00366cam a22001097a 4500
008 - FIXED-LENGTH DATA ELEMENTS--GENERAL INFORMATION
fixed length control field 180718b2005 xxu||||| |||| 00| 0 eng d
020 ## - INTERNATIONAL STANDARD BOOK NUMBER
International Standard Book Number 8123012667
100 ## - MAIN ENTRY--PERSONAL NAME
Personal name Kunal Kishore
245 ## - TITLE STATEMENT
Title Dalit devo bhav: Bhartiya vadmay main dalito ki gaurav gaatha (Hindi)
Statement of responsibility, etc. by Kishore Kunal
260 ## - PUBLICATION, DISTRIBUTION, ETC.
Place of publication, distribution, etc. New Delhi
Name of publisher, distributor, etc. Ministry of Information and Broadcasting
Date of publication, distribution, etc. 2005
300 ## - PHYSICAL DESCRIPTION
Extent 694p.
Holdings
Withdrawn status Lost status Damaged status Not for loan Permanent Location Current Location Date acquired Barcode Date last seen Price effective from Koha item type
        Indian Institute of Public Administration Indian Institute of Public Administration 2006-11-03 81472 2018-07-21 2018-07-21 Book

Powered by Koha